[Event "ch N1B"]
[Site "Hyères"]
[Date "10.12.06"]
[Round "4.5"]
[White "Poisson, Olivier"]
[Black "Garro, Pierre"]
[Result "0-1"]
[WhiteElo "2162"]
[BlackElo "2182"]
[PlyCount "60"]
[EventDate "10.12.06"]
[WhiteTeam "Marseille Duchamps"]
[BlackTeam "Hyères"]

1. d4 Nf6 2. Nf3 g6 3. c4 Bg7 4. Nc3 d6 5. e4 O-O 6. Be2 e5 7. O-O exd4 8. Nxd4
Re8 9. f3 Nc6 10. Nc2 h6 11. Be3 Qe7 12. Qd2 Kh7 13. Rac1 Ne5 14. Rfd1 Be6 15.
b3 Bf8 16. Re1 c6 17. Kh1 Nh5 18. Nd4 Qh4 19. Kg1 Bc8 20. Bf1 f5 21. Bf2 Qg5
22. Qxg5 hxg5 23. exf5 gxf5 24. Rcd1 Nf4 25. Re3 Bd7 26. g3 Nfg6 27. Bg2 Be7
28. Nde2 f4 29. Re4 Rf8 30. g4 Kg7 0-1

[Event "ch N1B"]
[Site "Hyères"]
[Date "10.12.06"]
[Round "4.6"]
[White "Langevin, Philippe"]
[Black "Hulin, Jerome"]
[Result "0-1"]
[WhiteElo "2216"]
[BlackElo "2072"]
[PlyCount "68"]
[EventDate "10.12.06"]
[WhiteTeam "Hyères"]
[BlackTeam "Marseille Duchamps"]

1. e4 Nc6 2. Nf3 d6 3. d4 Nf6 4. Nc3 Bg4 5. Be2 e5 6. d5 Nb8 7. Be3 c6 8. Nd2
Bxe2 9. Qxe2 Nbd7 10. Rd1 cxd5 11. exd5 Be7 12. O-O O-O 13. f4 exf4 14. Rxf4
Ne5 15. Nf3 Nfd7 16. Rb4 Nxf3+ 17. Qxf3 Ne5 18. Qh5 b6 19. Rdd4 Ng6 20. Ne4 Qd7
21. Rb3 Rac8 22. c4 Qa4 23. Nc3 Qd7 24. Ne4 Qa4 25. Nc3 Qd7 26. Ra3 Bf6 27. Rg4
Ne5 28. Rf4 Ng6 29. Rxf6 gxf6 30. Ne4 Qe7 31. Qf5 Rxc4 32. Nxf6+ Kh8 33. Bd2
Rf4 34. Bc3 Qe3+ 0-1

[Event "ch N1B"]
[Site "Hyères"]
[Date "10.12.06"]
[Round "4.7"]
[White "Fernandez, Laura"]
[Black "Gamet, Arnaud"]
[Result "0-1"]
[WhiteElo "2030"]
[BlackElo "2103"]
[PlyCount "80"]
[EventDate "10.12.06"]
[WhiteTeam "Marseille Duchamps"]
[BlackTeam "Hyères"]

1. e4 g6 2. Nc3 Bg7 3. d4 d6 4. Be3 a6 5. Bc4 b5 6. Bb3 Bb7 7. f3 Nd7 8. a4 b4
9. Nce2 a5 10. Qd2 Rc8 11. h4 h5 12. Nh3 c5 13. Bxf7+ Kxf7 14. Ng5+ Ke8 15. Ne6
Qb6 16. Nxg7+ Kf7 17. dxc5 Nxc5 18. Bd4 Nf6 19. Nf4 Kxg7 20. Ne6+ Kf7 21. Ng5+
Ke8 22. Ne6 Qc6 23. Nf4 Rg8 24. Bxf6 exf6 25. Nd5 Nd7 26. Qf4 Kf7 27. Rd1 Rcd8
28. O-O Qc5+ 29. Kh1 Kg7 30. Qg3 Rge8 31. Nf4 Nf8 32. c3 b3 33. Rd4 Qe5 34.
Rfd1 Kh6 35. Kh2 Rd7 36. Rc4 g5 37. hxg5+ fxg5 38. Ne2 Ba6 39. f4 gxf4 40. Nxf4
Bxc4 0-1

[Event "ch N1B"]
[Site "Hyères"]
[Date "10.12.06"]
[Round "4.8"]
[White "Macarry, Elodie"]
[Black "Vincensini, Emmanuel"]
[Result "1/2-1/2"]
[WhiteElo "1921"]
[BlackElo "1981"]
[PlyCount "125"]
[EventDate "10.12.06"]
[WhiteTeam "Hyères"]
[BlackTeam "Marseille Duchamps"]

1. e4 e6 2. d4 d5 3. exd5 exd5 4. Nf3 Nf6 5. c4 c6 6. Nc3 Bb4 7. Qb3 Qe7+ 8.
Be2 O-O 9. Be3 dxc4 10. Bxc4 Ng4 11. O-O Nxe3 12. Rae1 b5 13. Bd3 Be6 14. Rxe3
Bxb3 15. Rxe7 Bxe7 16. axb3 a6 17. Be4 f5 18. Bd3 Nd7 19. Ne2 Bd6 20. Rc1 c5
21. dxc5 Nxc5 22. Bc2 Ne4 23. Ned4 Rac8 24. Ra1 Bc5 25. Rxa6 Rfd8 26. Ne6 Bxf2+
27. Kf1 Re8 28. Bd3 Rc1+ 29. Ke2 Nc5 30. Bxb5 Rxe6+ 31. Rxe6 Nxe6 32. Kxf2 Kf8
33. Bc4 Nc5 34. Nd4 g6 35. Kf3 Ke7 36. g4 fxg4+ 37. Kxg4 Kf6 38. Bg8 h6 39. b4
Nd3 40. b5 Ne5+ 41. Kf4 Re1 42. b6 g5+ 43. Kg3 Nd7 44. b7 Nb8 45. Bd5 h5 46.
Nc6 Nxc6 47. Bxc6 Re3+ 48. Bf3 Rb3 49. h3 h4+ 50. Kg4 Rb4+ 51. Kh5 Rxb2 52. Bh1
Kf5 53. Bd5 Rb6 54. Bg2 Kf4 55. Bh1 Rb5 56. Bc6 Rb6 57. Bh1 Kg3 58. Kxg5 Kxh3
59. Kf4 Rb4+ 60. Ke5 Kh2 61. Bc6 h3 62. Kd6 Kg1 63. Kc7 1/2-1/2

[Event "ch N1B"]
[Site "Mulhouse"]
[Date "10.12.06"]
[Round "4.1"]
[White "Georgiev, Vladimir"]
[Black "Sikula, Vaszilij"]
[Result "0-1"]
[WhiteElo "2532"]
[BlackElo "2515"]
[PlyCount "84"]
[EventDate "10.12.06"]
[WhiteTeam "Mulhouse II"]
[BlackTeam "Epinal"]

1. d4 f5 2. Nf3 Nf6 3. c4 e6 4. Nc3 d6 5. h3 Be7 6. Bf4 Ne4 7. Nxe4 fxe4 8. Nd2
O-O 9. e3 d5 10. Rc1 Nc6 11. cxd5 exd5 12. Bb5 Rxf4 $11 13. exf4 Nxd4 14. Be2
Qd6 15. Bg4 Qxf4 16. Bxc8 Rxc8 17. Qg4 Qxg4 18. hxg4 $11 c5 19. Nf1 Ne6 20. f3
exf3 21. gxf3 Nf4 22. Rc2 c4 23. Ne3 Bc5 24. Ng2 Nd3+ 25. Kf1 Nb4 26. Re2 Nxa2
27. Rh5 d4 28. Rhe5 Rc7 29. Re8+ Kf7 30. Rd8 d3 31. Re4 b5 32. Nf4 Re7 33. Rd5
Rxe4 34. fxe4 Be3 35. Rxb5 d2 36. Rf5+ Ke8 37. Re5+ Kf7 38. Rf5+ Ke8 39. Re5+
Kd7 40. Rd5+ Kc6 41. Ke2 Nb4 42. Rd8 Kc7 0-1

[Event "ch N1B"]
[Site "Mulhouse"]
[Date "10.12.06"]
[Round "4.2"]
[White "Bastian, Herbert"]
[Black "Fargere, Francois"]
[Result "1/2-1/2"]
[WhiteElo "2411"]
[BlackElo "2315"]
[PlyCount "94"]
[EventDate "10.12.06"]
[WhiteTeam "Epinal"]
[BlackTeam "Mulhouse II"]

1. e4 c5 2. Nc3 a6 3. g3 b5 4. Bg2 Bb7 5. d3 e6 6. a3 d6 7. Nge2 Be7 8. O-O Nc6
9. g4 Nf6 10. Ng3 Nd7 11. f4 h6 12. Be3 O-O 13. Qd2 Nd4 14. Rab1 Rb8 15. Nd1 e5
16. f5 a5 17. c3 Nb3 18. Qe2 Ba6 19. Qc2 c4 20. Nf2 Bg5 21. Bxg5 Qxg5 22. Rbd1
Qe7 23. Rfe1 Rbc8 24. Bf1 Ndc5 25. d4 Nd7 26. Qe2 b4 27. axb4 axb4 28. Qe3 Bb5
29. Ne2 bxc3 30. bxc3 Ra8 31. Rb1 Ra3 32. Nc1 Ba4 33. Nd1 Nxc1 34. Qxc1 Ra2 35.
Rb2 Rxb2 36. Nxb2 Bb3 37. Qe3 exd4 38. cxd4 Nf6 39. h3 c3 40. Nd3 Qa7 41. Nc1
Bc2 42. Bg2 Nxe4 43. Bxe4 Re8 44. Nd3 Bxd3 45. Qxd3 d5 46. Qxc3 dxe4 47. Qe3
Qb6 1/2-1/2

[Event "ch N1B"]
[Site "Mulhouse"]
[Date "10.12.06"]
[Round "4.3"]
[White "Riff, Vincent"]
[Black "Okhotnik, Vladimir"]
[Result "0-1"]
[WhiteElo "2322"]
[BlackElo "2477"]
[PlyCount "80"]
[EventDate "10.12.06"]
[WhiteTeam "Mulhouse II"]
[BlackTeam "Epinal"]

1. e4 c5 2. Nf3 Nf6 3. d3 Nc6 4. g3 d5 5. Nbd2 e6 6. Bg2 Be7 7. O-O b6 8. Re1
Bb7 9. Qe2 Qc7 10. Nf1 dxe4 11. dxe4 a5 12. e5 Nd7 13. c3 h6 14. N1d2 g5 15.
Nc4 a4 16. h3 Na7 17. Be3 b5 18. Nd6+ Bxd6 19. exd6 Qxd6 20. b4 cxb4 21. Bd4
Rg8 22. Rad1 Qa6 23. Qd3 Nc6 24. Qh7 O-O-O 25. Qxf7 e5 26. Be3 Rgf8 27. Qg7
Rfe8 28. cxb4 e4 29. Nd4 Nce5 30. Nf5 Nd3 31. Re2 N7e5 32. Bc5 $11 Rd7 33. Be7
Qe6 34. g4 Rdxe7 35. Nxe7+ Rxe7 36. Rc2+ Bc6 37. Qf8+ Kb7 38. Rcd2 Nc4 39. Re2
Nf4 40. Ree1 Nxg2 0-1

[Event "ch N1B"]
[Site "Mulhouse"]
[Date "10.12.06"]
[Round "4.4"]
[White "Spielmann, Alain"]
[Black "Drabke, Lorenz"]
[Result "0-1"]
[WhiteElo "2247"]
[BlackElo "2391"]
[PlyCount "72"]
[EventDate "10.12.06"]
[WhiteTeam "Epinal"]
[BlackTeam "Mulhouse II"]

1. Nf3 d5 2. d4 Nf6 3. c4 c6 4. e3 Bf5 5. Nbd2 e6 6. Nh4 Bg4 7. Qb3 Qc7 8. h3
Bh5 9. g4 Bg6 10. Nxg6 hxg6 11. Bg2 Nbd7 12. g5 Ng8 13. Nf3 Ne7 14. Bd2 Nf5 15.
Rc1 Bd6 16. Qc2 Qd8 17. c5 Bc7 18. e4 Nh4 19. Nxh4 Rxh4 20. exd5 cxd5 21. c6
bxc6 22. Qxc6 Bb6 23. O-O Rxd4 24. Be3 Rh4 25. Rfe1 Kf8 26. Bd2 Kg8 27. Qd6 Nc5
28. Qg3 Ra4 29. Bc3 Rxa2 30. Rcd1 Qf8 31. Be5 Rc8 32. h4 Ra4 33. Qh3 Ne4 34.
Bxe4 Rxe4 35. Rxe4 dxe4 36. h5 Qc5 0-1

[Event "ch N1B"]
[Site "Mulhouse"]
[Date "10.12.06"]
[Round "4.5"]
[White "Lerch, Patrice"]
[Black "Adrian, Claude"]
[Result "1-0"]
[WhiteElo "2281"]
[BlackElo "2314"]
[PlyCount "63"]
[EventDate "10.12.06"]
[WhiteTeam "Mulhouse II"]
[BlackTeam "Epinal"]

1. e4 e6 2. Nf3 d5 3. e5 c5 4. b4 b6 5. c3 Qd7 6. Na3 Ba6 7. b5 Bb7 8. Nc2 a6
9. a4 Ne7 10. Ba3 Ng6 11. d4 Be7 12. h4 O-O 13. Ng5 cxd4 14. cxd4 h6 15. Bd3
axb5 16. Nxf7 Bxa3 17. Bxg6 Bb2 18. Qd3 Bxa1 19. Ng5 b4 20. Nxa1 Rxa4 21. Nb3
Ra3 22. Rh3 Qc8 23. Bf7+ Rxf7 24. Qh7+ Kf8 25. Nxf7 Rxb3 26. Rxb3 Qc1+ 27. Ke2
Ba6+ 28. Kf3 Qd1+ 29. Kf4 Qxb3 30. Nd6 Nd7 31. Qh8+ Ke7 32. Qe8# 1-0

[Event "ch N1B"]
[Site "Mulhouse"]
[Date "10.12.06"]
[Round "4.6"]
[White "Cordier, Arnaud"]
[Black "Riff, Sebastien"]
[Result "0-1"]
[WhiteElo "2116"]
[BlackElo "2279"]
[PlyCount "51"]
[EventDate "10.12.06"]
[WhiteTeam "Epinal"]
[BlackTeam "Mulhouse II"]

1. d4 Nf6 2. c4 g6 3. Nc3 Bg7 4. e4 d6 5. f3 O-O 6. Bg5 c6 7. Qd2 a6 8. a4 a5
9. Nge2 Na6 10. Nc1 e5 11. d5 Nc5 12. Be2 Qb6 13. Ra3 cxd5 14. cxd5 Nfd7 15.
Bb5 f5 16. Be3 fxe4 17. Nxe4 Nxe4 18. fxe4 Qd8 19. Bg5 Bf6 20. Bh6 Bg7 21. Bxg7
Kxg7 22. Rf3 Qc7 23. Bxd7 Bxd7 24. O-O Bxa4 25. b4 Qc4 26. Ne2 0-1

[Event "ch N1B"]
[Site "Mulhouse"]
[Date "10.12.06"]
[Round "4.7"]
[White "Hell, Pascal"]
[Black "Grenouilloux, Alain"]
[Result "0-1"]
[WhiteElo "2211"]
[BlackElo "2095"]
[PlyCount "78"]
[EventDate "10.12.06"]
[WhiteTeam "Mulhouse II"]
[BlackTeam "Epinal"]

1. d4 d5 2. Nf3 Nf6 3. Nbd2 c6 4. c4 g6 5. g3 Bg7 6. Bg2 O-O 7. O-O Nbd7 8. Qc2
Re8 9. b3 e5 10. dxe5 Nxe5 11. Bb2 Bf5 12. Qd1 Nxf3+ 13. Bxf3 d4 14. Re1 Qd7
15. b4 Rad8 16. Qb3 b6 17. a4 h5 18. b5 Ne4 19. Nxe4 Bxe4 20. Bxe4 Rxe4 21.
bxc6 Qxc6 22. Qd3 Rde8 23. a5 Qe6 24. axb6 axb6 25. Rad1 h4 26. Rd2 Qh3 27. Qf3
hxg3 28. hxg3 Qe6 29. Qd3 Qg4 30. Kg2 Qc8 31. Red1 Qc6 32. Kg1 Qa4 33. Ra1 Qc6
34. Ra7 Qe6 35. Kg2 Rxe2 36. Ra6 Qc6+ 37. Kh2 Re1 38. f3 Qc5 39. g4 Qg5 0-1

[Event "ch N1B"]
[Site "Mulhouse"]
[Date "10.12.06"]
[Round "4.8"]
[White "Baujard, Anne"]
[Black "Richard, Emma"]
[Result "0-1"]
[WhiteElo "1952"]
[BlackElo "2006"]
[PlyCount "32"]
[EventDate "10.12.06"]
[WhiteTeam "Epinal"]
[BlackTeam "Mulhouse II"]

1. c4 e5 2. g3 Nf6 3. Bg2 Nc6 4. Nc3 Bb4 5. e3 Bxc3 6. bxc3 O-O 7. d4 d6 8. Ne2
Rb8 9. O-O Na5 10. Qa4 c5 11. Rd1 Bd7 12. Qa3 Qc7 13. Rb1 a6 14. Qb2 Ba4 15.
Re1 Nxc4 16. Qa1 Bc2 0-1

[Event "ch N1B"]
[Site "Besancon"]
[Date "10.12.06"]
[Round "4.1"]
[White "Lazarev, Vladimir"]
[Black "Chernuschevich, Alexei"]
[Result "1/2-1/2"]
[WhiteElo "2522"]
[BlackElo "2514"]
[PlyCount "31"]
[EventDate "10.12.06"]
[WhiteTeam "Lyon Olympique Echecs"]
[BlackTeam "Besançon T.P.G."]

1. d4 Nf6 2. c4 e6 3. Nf3 Bb4+ 4. Bd2 Qe7 5. g3 Nc6 6. Nc3 Bxc3 7. Bxc3 Ne4 8.
Rc1 d6 9. d5 Nxc3 10. Rxc3 Nb8 11. Bg2 O-O 12. O-O e5 $11 13. b4 Nd7 14. Nd2 f5
15. Qc2 Nf6 16. Nb3 1/2-1/2

[Event "ch N1B"]
[Site "Besancon"]
[Date "10.12.06"]
[Round "4.2"]
[White "Burnier, David"]
[Black "Benitah, Yohan"]
[Result "0-1"]
[WhiteElo "2316"]
[BlackElo "2412"]
[PlyCount "61"]
[EventDate "10.12.06"]
[WhiteTeam "Besançon T.P.G."]
[BlackTeam "Lyon Olympique Echecs"]

1. d4 d5 2. c4 c6 3. Nc3 Nf6 4. Nf3 dxc4 5. a4 Bf5 6. Nh4 Bg4 7. h3 Bh5 8. g4
Bg6 9. Nxg6 hxg6 10. e3 e6 11. Bxc4 Bb4 12. Kf1 Nbd7 13. Kg2 a5 14. Qb3 Qc7 15.
e4 Nb6 16. Bd3 e5 17. dxe5 Qxe5 18. Be3 Nfd7 19. f4 Qe7 20. Qc2 Bc5 21. Qf2
O-O-O 22. Rac1 Bxe3 23. Qxe3 Kb8 24. Be2 Qb4 25. b3 Rhe8 26. Rhd1 Nc8 27. e5
Ne7 28. Na2 Nd5 29. Nxb4 Nxe3+ 30. Kf3 Nxd1 31. Ke4 0-1

[Event "ch N1B"]
[Site "Besancon"]
[Date "10.12.06"]
[Round "4.3"]
[White "Vernay, Clovis"]
[Black "Sermier, Guillaume"]
[Result "0-1"]
[WhiteElo "2334"]
[BlackElo "2368"]
[PlyCount "92"]
[EventDate "10.12.06"]
[WhiteTeam "Lyon Olympique Echecs"]
[BlackTeam "Besançon T.P.G."]

1. d4 d6 2. e4 Nf6 3. Nc3 Nbd7 4. Nge2 e5 5. Ng3 exd4 6. Qxd4 g6 7. Be3 Bg7 8.
Qd2 O-O 9. Bh6 Ne5 10. Bxg7 Kxg7 11. Be2 a6 12. Rd1 Qe7 13. O-O Nc6 14. Rfe1
Qe5 15. a3 h5 16. f3 Qc5+ 17. Kh1 h4 18. b4 Qe5 19. Nf1 Qh5 20. Nd5 Ne8 21.
Nfe3 Be6 22. a4 Bxd5 23. Nxd5 Rc8 24. b5 axb5 25. axb5 Nd8 26. f4 Qh6 27. Bg4
Ra8 28. Qc3+ Kh7 29. Bd7 c6 30. bxc6 bxc6 31. Nf6+ Nxf6 32. Qxf6 Ra2 33. Rd3
Rxc2 34. Rh3 Kg8 35. Rxh4 Qg7 36. Qxd6 Qc3 37. Rd1 Rc1 38. h3 Nb7 39. Qe7 Rxd1+
40. Kh2 Qd4 41. Rh6 Qg1+ 42. Kg3 Rd3+ 43. Kh4 Qf2+ 44. Kg5 Qc5+ 45. Qxc5 Nxc5
46. Bxc6 Kg7 0-1

[Event "ch N1B"]
[Site "Besancon"]
[Date "10.12.06"]
[Round "4.4"]
[White "Claverie, Christophe"]
[Black "Safranska, Anda"]
[Result "1/2-1/2"]
[WhiteElo "2314"]
[BlackElo "2268"]
[PlyCount "71"]
[EventDate "10.12.06"]
[WhiteTeam "Besançon T.P.G."]
[BlackTeam "Lyon Olympique Echecs"]

1. d4 d6 2. g3 g6 3. Bg2 Bg7 4. e4 Nc6 5. d5 Nb8 6. Nc3 Nf6 7. h3 O-O 8. Nge2
e5 9. dxe6 fxe6 10. Bg5 h6 11. Be3 Nc6 12. Qd2 Kh7 13. g4 e5 14. Nd5 Be6 15.
Ng3 Nd7 16. c3 Nb6 17. Qe2 Ne7 18. Nxe7 Qxe7 19. h4 Nc4 20. h5 g5 21. Bc1 c6
22. b3 Nb6 23. Be3 Nd7 24. c4 Nf6 25. Nf5 Bxf5 26. exf5 d5 27. O-O Rfe8 28.
cxd5 cxd5 29. Rfe1 Qf7 30. Rad1 b6 31. Bc1 Rad8 32. Bb2 e4 33. f3 exf3 34. Qxf3
Rxe1+ 35. Rxe1 d4 36. Qd3 1/2-1/2

[Event "ch N1B"]
[Site "Besancon"]
[Date "10.12.06"]
[Round "4.5"]
[White "Ravot, Sylvain"]
[Black "Vesin, Jean-Robert"]
[Result "0-1"]
[WhiteElo "2229"]
[BlackElo "2299"]
[PlyCount "74"]
[EventDate "10.12.06"]
[WhiteTeam "Lyon Olympique Echecs"]
[BlackTeam "Besançon T.P.G."]

1. e4 c5 2. Nf3 g6 3. d4 Bg7 4. dxc5 Qa5+ 5. c3 Qxc5 6. Be3 Qc7 7. Nbd2 Nf6 8.
Nd4 Nc6 9. Qb3 O-O 10. Be2 d5 11. Nxc6 bxc6 12. Qc2 Rd8 13. O-O e5 14. Rfd1 Be6
15. c4 d4 16. Bg5 c5 17. Bd3 Rdb8 18. Nf3 h6 19. Bd2 a5 20. Rf1 Bg4 21. Ne1 g5
22. f3 Bd7 23. Qc1 Rb6 24. Rb1 Nh5 25. g3 Qb7 26. Bc2 Bc6 27. Nd3 Qe7 28. b3 f5
29. exf5 e4 30. Qe1 e3 31. Bxa5 Rba6 32. b4 g4 33. Bd1 gxf3 34. Rxf3 cxb4 35.
Qxb4 Qxb4 36. Bxb4 Be4 37. Be2 Rxa2 0-1

[Event "ch N1B"]
[Site "Besancon"]
[Date "10.12.06"]
[Round "4.6"]
[White "Crut, Aurelien"]
[Black "Lacour, Serge"]
[Result "1-0"]
[WhiteElo "2367"]
[BlackElo "2165"]
[PlyCount "47"]
[EventDate "10.12.06"]
[WhiteTeam "Besançon T.P.G."]
[BlackTeam "Lyon Olympique Echecs"]

1. e4 c5 2. Nf3 Nc6 3. Bb5 g6 4. Bxc6 dxc6 5. d3 Bg7 6. h3 Nf6 7. Nc3 Nd7 8.
Be3 e5 9. Qd2 h6 10. O-O Qe7 11. Nh2 Nf8 12. f4 exf4 13. Rxf4 Ne6 14. Rf2 Nd4
15. Raf1 Be6 16. Ng4 O-O-O 17. Nxh6 f5 18. Bg5 Bf6 19. Bxf6 Qxf6 20. Ng4 Qh4
21. Nh2 Qg3 22. Kh1 c4 23. Nf3 Rh5 24. Nxd4 1-0

[Event "ch N1B"]
[Site "Besancon"]
[Date "10.12.06"]
[Round "4.7"]
[White "Poupar, Aime"]
[Black "Frederic, Clement"]
[Result "1-0"]
[WhiteElo "2144"]
[BlackElo "2234"]
[PlyCount "87"]
[EventDate "10.12.06"]
[WhiteTeam "Lyon Olympique Echecs"]
[BlackTeam "Besançon T.P.G."]

1. d4 f5 2. c4 Nf6 3. Nf3 g6 4. e3 Bg7 5. Bd3 O-O 6. O-O e6 7. Nbd2 d6 8. e4
Nc6 9. Re1 e5 10. d5 Ne7 11. a3 h6 12. b4 f4 13. h4 Rf7 14. c5 Bf8 15. Qb3 Ng4
16. Bb2 Kh8 17. Nc4 Bg7 18. cxd6 cxd6 19. b5 Ng8 20. Rac1 Kh7 21. Rc2 Bf6 22.
Qb4 Be7 23. Rec1 N8f6 24. Qb3 Rg7 25. Ncxe5 dxe5 26. Nxe5 Nxe5 27. Bxe5 Bd6 28.
Bxd6 Qxd6 29. Rxc8 Rxc8 30. Rxc8 Qe5 31. Qc3 Qe7 32. Qd4 Ng4 33. h5 Qh4 34.
hxg6+ Kxg6 35. e5+ Kg5 36. e6 Qh2+ 37. Kf1 Re7 38. Rg8+ Kh4 39. Rxg4+ Kxg4 40.
f3+ Kg5 41. Qe5+ Kh4 42. Qf6+ Kg3 43. Qg6+ Kh4 44. Qg4# 1-0

[Event "ch N1B"]
[Site "Besancon"]
[Date "10.12.06"]
[Round "4.8"]
[White "Hisleur, Gaelle"]
[Black "Soubrier, Aude"]
[Result "0-1"]
[WhiteElo "1938"]
[BlackElo "1953"]
[PlyCount "76"]
[EventDate "10.12.06"]
[WhiteTeam "Besançon T.P.G."]
[BlackTeam "Lyon Olympique Echecs"]

1. e4 e5 2. Nf3 Nc6 3. d4 exd4 4. Nxd4 Nf6 5. Nxc6 bxc6 6. Bd3 d5 7. Qe2 Be7 8.
e5 Nd7 9. O-O Nc5 10. c4 Nxd3 11. Qxd3 O-O 12. f4 f6 13. Nc3 Ba6 14. b3 Bc5+
15. Kh1 dxc4 16. Qf3 fxe5 17. Qxc6 Qd6 18. Qe4 Rad8 19. bxc4 Bd4 20. Bb2 Qb4
21. Qc2 Bxc4 22. Rf3 exf4 23. Rh3 g6 24. Rh6 Bg7 25. Rh3 Be6 26. Rf3 Bg4 27.
Rf2 Bd4 28. a3 Qe7 29. Rff1 f3 30. Rae1 fxg2+ 31. Qxg2 Qxe1 32. Rxe1 Bf3 33.
Ba1 Bxg2+ 34. Kxg2 Rf2+ 35. Kg3 Rdf8 36. Nd5 R8f3+ 37. Kg4 Bxa1 38. Rxa1 h5+
0-1

[Event "ch N1B"]
[Site "Vincennes"]
[Date "10.12.06"]
[Round "4.1"]
[White "Karim, Ismael"]
[Black "Velikov, Petar"]
[Result "1/2-1/2"]
[WhiteElo "2288"]
[BlackElo "2467"]
[PlyCount "55"]
[EventDate "10.12.06"]
[WhiteTeam "Paris Chess Club II"]
[BlackTeam "Vincennes"]

1. e4 c5 2. Nf3 e6 3. d4 cxd4 4. Nxd4 a6 5. c4 Qc7 6. Nc3 Bb4 7. Qc2 Nf6 8. a3
Bc5 9. Nb3 Be7 10. Bd3 d6 11. O-O Nbd7 12. f4 b6 13. Qe2 Bb7 14. Bd2 O-O 15.
Rae1 Rad8 16. Kh1 Rfe8 17. Nd4 Bf8 18. b4 g6 19. Nf3 Bg7 20. Qf2 Rc8 21. Qh4
Qd8 22. Ng5 Nh5 23. Qf2 h6 24. Nh3 Ndf6 25. Qh4 Nh7 26. Qf2 Rc7 27. Na4 Rc6 28.
Ng1 1/2-1/2

[Event "ch N1B"]
[Site "Vincennes"]
[Date "10.12.06"]
[Round "4.2"]
[White "Peyrat, Olivier"]
[Black "Glicenstein, Asher"]
[Result "1/2-1/2"]
[WhiteElo "2265"]
[BlackElo "2278"]
[PlyCount "68"]
[EventDate "10.12.06"]
[WhiteTeam "Vincennes"]
[BlackTeam "Paris Chess Club II"]

1. Nf3 c5 2. c4 Nc6 3. g3 g6 4. Bg2 Bg7 5. Nc3 e5 6. O-O Nge7 7. Ne1 O-O 8. Nc2
d6 9. d3 Be6 10. Bg5 f6 11. Be3 Kh8 12. a3 Rb8 13. b4 b6 14. Nd5 Qd7 15. Bd2 f5
16. Rb1 cxb4 17. Ncxb4 Nxb4 18. Rxb4 Nc6 19. Rb1 Rbc8 20. Nb4 e4 21. Nxc6 Rxc6
22. Qa4 Rc7 23. Qxd7 Rxd7 24. Rfc1 exd3 25. exd3 d5 26. c5 bxc5 27. Rxc5 Bd4
28. Rc6 Re8 29. Rb4 Bb6 30. Bg5 Ra8 31. Bf6+ Kg8 32. Bf3 d4 33. Rb5 Bd8 34.
Bxd8 Raxd8 1/2-1/2

[Event "ch N1B"]
[Site "Vincennes"]
[Date "10.12.06"]
[Round "4.3"]
[White "Lecuyer, Christian"]
[Black "Elbilia, Jacques"]
[Result "1/2-1/2"]
[WhiteElo "2239"]
[BlackElo "2356"]
[PlyCount "50"]
[EventDate "10.12.06"]
[WhiteTeam "Paris Chess Club II"]
[BlackTeam "Vincennes"]

1. c4 e5 2. Nc3 Nf6 3. Nf3 Nc6 4. g3 Bc5 5. Bg2 d6 6. O-O O-O 7. d3 h6 8. a3 a6
9. b4 Ba7 10. Bb2 Bf5 11. Qb3 Qd7 12. Nd5 Nxd5 13. cxd5 Ne7 14. Rac1 c6 15.
dxc6 bxc6 16. Nd2 Bh3 17. Nc4 Bxg2 18. Kxg2 c5 19. e4 cxb4 20. axb4 Ng6 21. f3
Rab8 22. Ra1 Bc5 23. Qa4 Qxa4 24. Rxa4 Rxb4 25. Rxa6 Rb3 1/2-1/2

[Event "ch N1B"]
[Site "Vincennes"]
[Date "10.12.06"]
[Round "4.4"]
[White "Schabanel, Stephane"]
[Black "Moussard, Jules"]
[Result "1-0"]
[WhiteElo "2298"]
[BlackElo "2172"]
[PlyCount "76"]
[EventDate "10.12.06"]
[WhiteTeam "Vincennes"]
[BlackTeam "Paris Chess Club II"]

1. e4 c5 2. Nf3 d6 3. d4 cxd4 4. Nxd4 Nf6 5. Nc3 a6 6. Bg5 e6 7. f4 Qb6 8. Qd2
Qxb2 9. Nf3 Qa3 10. Bxf6 gxf6 11. Be2 h5 12. O-O Nd7 13. Kh1 b5 14. Nb1 Qa4 15.
Nc3 Qa3 16. Nb1 Qa4 17. a3 Qxe4 18. Nc3 Qh7 19. Nd4 Ra7 20. Bf3 Rc7 21. Rae1
Ne5 22. Ncxb5 axb5 23. fxe5 Bd7 24. exd6 Rc5 25. c3 Bh6 26. Qb2 O-O 27. Bb7 Bg5
28. Nb3 Rc4 29. Nd2 Rc5 30. Ne4 Rf5 31. Qb4 Rb8 32. Qa5 Rxf1+ 33. Rxf1 Kg7 34.
Qc7 Rxb7 35. Qxb7 Be3 36. Nxf6 Qd3 37. Qf3 Bc6 38. Qg3+ Kh8 1-0

[Event "ch N1B"]
[Site "Vincennes"]
[Date "10.12.06"]
[Round "4.5"]
[White "Lopez, Jorge"]
[Black "Jablonski, Noham"]
[Result "1/2-1/2"]
[WhiteElo "2267"]
[BlackElo "2251"]
[PlyCount "105"]
[EventDate "10.12.06"]
[WhiteTeam "Paris Chess Club II"]
[BlackTeam "Vincennes"]

1. d4 f5 2. Nf3 Nf6 3. c4 g6 4. h4 Bg7 5. Nc3 O-O 6. Bf4 d6 7. d5 Ne4 8. Qc2
Nxc3 9. bxc3 c6 10. Rc1 b5 11. e3 cxd5 12. cxd5 Qa5 13. Be2 Bb7 14. Qb3 Na6 15.
O-O Nc5 16. Qb4 Qxa2 17. Bxb5 a5 18. Qc4 Qxc4 19. Bxc4 Ne4 20. Rb1 Ra7 21. Rb3
a4 22. Ra3 Nxc3 23. Nd4 Bxd4 24. exd4 Rc8 25. Rxc3 a3 26. Bd2 a2 27. Ra1 Ra4
28. Bxa2 Rca8 29. Rc7 Rxa2 30. Rxa2 Rxa2 31. Bg5 Bxd5 32. Rxe7 Ra1+ 33. Kh2 Rd1
34. Bh6 Rxd4 35. Bg5 Re4 36. Rd7 Re6 37. Bh6 Bc6 38. Rg7+ Kh8 39. Rf7 Re8 40.
Rc7 Ba8 41. Rd7 d5 42. Kg3 Kg8 43. f3 d4 44. Rxd4 Kf7 45. Bg5 Ke6 46. Ra4 Bc6
47. Ra7 Bd7 48. Be3 Rc8 49. Kf4 Rc2 50. Ra6+ Kf7 51. Rd6 Ke7 52. Rd2 Rxd2 53.
Bxd2 1/2-1/2

[Event "ch N1B"]
[Site "Vincennes"]
[Date "10.12.06"]
[Round "4.6"]
[White "Rabeyrin, Jean-Jacques"]
[Black "Eustache, Boris"]
[Result "1-0"]
[WhiteElo "2273"]
[BlackElo "2168"]
[PlyCount "101"]
[EventDate "10.12.06"]
[WhiteTeam "Vincennes"]
[BlackTeam "Paris Chess Club II"]

1. e4 e6 2. d4 d5 3. Nd2 c5 4. exd5 Qxd5 5. Ngf3 cxd4 6. Bc4 Qd6 7. O-O Nf6 8.
Nb3 Nc6 9. Nbxd4 Nxd4 10. Nxd4 Bd7 11. Nb5 Qxd1 12. Rxd1 Rc8 13. Bd3 a6 14. Nd4
Bc5 15. Nb3 Bb6 16. Bf4 Bc6 17. Nd2 Nd5 18. Bd6 Rd8 19. Nc4 Rd7 20. Be2 Bc7 21.
Bxc7 Rxc7 22. Ne5 Nf4 23. Bf1 Be4 24. Rd4 f6 25. Nc4 f5 26. f3 e5 27. Nxe5 Ne6
28. Rc4 Bd5 29. Rxc7 Nxc7 30. c4 Be6 31. Rd1 Ke7 32. f4 Rd8 33. Rxd8 Kxd8 34.
a3 b6 35. b4 Ke7 36. Kf2 a5 37. bxa5 bxa5 38. Nc6+ Kd6 39. Nxa5 Ne8 40. Ke3 Nf6
41. Kd4 Nd7 42. Nb7+ Ke7 43. Nc5 Nb8 44. Nxe6 Kxe6 45. Kc5 Nd7+ 46. Kc6 Nb8+
47. Kc7 Na6+ 48. Kb6 Nb8 49. a4 Kd6 50. c5+ Kd5 51. Bb5 1-0

[Event "ch N1B"]
[Site "Vincennes"]
[Date "10.12.06"]
[Round "4.7"]
[White "Liard, Thibaud"]
[Black "Lohou, Stephane"]
[Result "0-1"]
[WhiteElo "2125"]
[BlackElo "2149"]
[PlyCount "66"]
[EventDate "10.12.06"]
[WhiteTeam "Paris Chess Club II"]
[BlackTeam "Vincennes"]

1. d4 Nf6 2. c4 g6 3. Nc3 d5 4. cxd5 Nxd5 5. Bd2 Nb6 6. Bg5 Bg7 7. e3 O-O 8.
Nf3 Be6 9. Be2 Nd5 10. O-O h6 11. Bh4 Nd7 12. Rc1 Nxc3 13. bxc3 c5 14. d5 Bf5
15. Nd2 Nf6 16. c4 g5 17. Bg3 e6 18. d6 Ne4 19. Nxe4 Bxe4 20. Bd3 Bxd3 21. Qxd3
f5 22. h3 f4 23. exf4 gxf4 24. Bh2 Qf6 25. Qe4 Rf7 26. Rfe1 Re8 27. Rcd1 e5 28.
d7 Rd8 29. Qxb7 Qb6 30. Qe4 Rfxd7 31. Rxd7 Rxd7 32. Bxf4 Rd4 33. Qf5 Rxf4 0-1

[Event "ch N1B"]
[Site "Vincennes"]
[Date "10.12.06"]
[Round "4.8"]
[White "Descroix, Claire"]
[Black "Rigolot, Lucie"]
[Result "1-0"]
[WhiteElo "1600"]
[BlackElo "1668"]
[PlyCount "49"]
[EventDate "10.12.06"]
[WhiteTeam "Vincennes"]
[BlackTeam "Paris Chess Club II"]

1. e4 c5 2. Nf3 d6 3. Bb5+ Nd7 4. O-O a6 5. Bxd7+ Bxd7 6. c3 Nf6 7. Re1 e6 8.
d4 cxd4 9. cxd4 Be7 10. Bg5 h6 11. Bh4 g5 12. Bg3 Nh5 13. e5 Nxg3 14. hxg3 d5
15. Nh2 h5 16. Nd2 Bc6 17. a3 a5 18. Rc1 Kd7 19. Re3 Qg8 20. Rec3 h4 21. g4 Rh6
22. Qb3 Qh7 23. Rxc6 Rb8 24. Qb5 Kd8 25. Rc7 1-0